000 00562nam a2200193Ia 4500
005 20250326144923.0
008 250326s9999 xx 000 0 und d
020 _a0-19-515498-3
037 _aTextbook
040 _aFMSL
_beng
_cFMSL
041 _aeng
_2eng
084 _aX:8D.1 P1
_qFMSL
100 _aEatwell J
_9310935
245 0 _aInternational capital markets : Systems in transition
_cEatwell J; Taylor L
260 _aOxford
_bOxford, Oxford University
_c2001
300 _a484p
942 _cTB
_hX:8D.1 P1
999 _c1305622
_d1305622